Charaktere in Filmen (leichtere Edition) #01 - Statistiken

Allgemein
  • Dieses Quiz wurde 1.098 mal gespielt
  • Das Durchschnittsergebnis liegt bei 19 aus 25
Antwortstatistiken
Hint Antwort % Korrekt
Jack Sparrow Fluch der Karibik
96%
Luke Skywalker Star Wars
96%
Willy Wonka Charlie und die Schokoladenfabrik
93%
Mario Mario Super Mario Bros.
92%
Peter Parker Spider-Man
90%
Harley Quinn The Suicide Squad
89%
Katniss Everdeen Die Tribute von Panem
84%
Kaiserin Elisabeth von Österreich-Ungarn Sissi
84%
Minerva McGonagall Harry Potter
83%
Lara Croft Tomb Raider
83%
Thor Odinson Avengers: Endgame
82%
Julia Capulet Romeo und Julia
79%
Helena von Sparta Troja
79%
Freddy Krueger A Nightmare on Elm Street
78%
Anna von Arendelle Die Eiskönigin – Völlig unverfroren
77%
Don Vito Corleone Der Pate
70%
Gamora Guardians of the Galaxy
67%
Newt Scamander Phantastische Tierwesen und wo sie zu finden sind
67%
Frodo Beutlin Der Herr der Ringe
66%
Christopher Robin Winnie Puh
64%
Thorin Eichenschild Der Hobbit
63%
Adrianna „Adrian“ Balboa Rocky II
61%
John McClane Stirb langsam
58%
Jean-Luc Picard Raumschiff Enterprise – Das nächste Jahrhundert
53%
Captain Ahab Moby Dick
52%
Keine übereinstimmenden Quizze gefunden
Verteilung der Resultate
Anzahl Personen mit jedem Resultat
Perzentil nach korrekt beantworteten Fragen
Ihre Resultats-Entwicklung
Sie haben dieses Quiz noch nicht gespielt